000 01012nam a2200265 a 4500
001 000003638
005 20260213092102.0
008 090711s2004 sp r 001 0 spa d
020 _a8449312566
020 _a9788449312564
040 _aDO-SdBNP
_bspa
_cBNPHU
082 _a294.3927
_bD654c
100 1 _aDôgen,
_b1200-1253
_911164
245 1 0 _aCuerpo y espíritu :
_bla transmisión de las enseñanzas de Buda /
_cDôgen ; traducción Javier Palacio Tauste ; prefacio, introducción y selección Janine Coursin.
260 _aBarcelona :
_bPaidós,
_c2004
_fNovagráfik
300 _a135 p. ;
_c22 cm.
504 _aIncluye referencias bibliográficas y notas al pie de las páginas.
534 _pTítulo original:
_tCorps et esprit
_cParís, Éditions Gallimard, 1998
650 0 _aBudismo (Zen)
_911165
650 4 _aBudismo
_93429
650 4 _aMeditación
_9687
650 0 _aMente y cuerpo
_92740
700 1 _aPalacio Tauste, Javier,
_etr.
_911166
700 1 _aCoursin, Janine,
_bpref., introd.
_911167
999 _c3461
_d3461